[Event "ENG-ch Schools"]
[Site "Nottingham"]
[Date "2025.06.25"]
[Round "4.1"]
[White "Pick, Freddie"]
[Black "Zhao, George"]
[Result "1/2-1/2"]
[WhiteElo "2075"]
[BlackElo "2170"]
[PlyCount "52"]
[EventDate "2025.06.25"]
[EventType "team-swiss"]
[EventRounds "6"]
[EventCountry "ENG"]
[SourceTitle "CB27_2025"]
[SourceDate "2025.07.02"]
[SourceVersion "1"]
[SourceVersionDate "2025.07.02"]
[SourceQuality "1"]
[WhiteTeam "Queen Elizabeth Hospital"]
[BlackTeam "Westminster Under"]
[WhiteTeamCountry "ENG"]
[BlackTeamCountry "ENG"]

1. e4 e6 2. d4 d5 3. Nd2 c5 4. exd5 exd5 5. Ngf3 Nf6 6. c3 Nc6 7. Bb5 Bd7 8. 0-0 cxd4 9. Re1+ Be7 10. Bxc6 bxc6 11. Qe2 dxc3 12. bxc3 Kf8 13. Rb1 Bd6 14. Ne5 g6 15. Ndf3 Kg7 16. Bg5 Re8 17. Rb7 Be6 18. Nxc6 Qc8 19. Qb2 Nd7 20. c4+ Kg8 21. Bh6 f6 22. Ncd4 Bf7 23. Rxe8+ Qxe8 24. Nb5 Qe7 25. cxd5 Re8 26. Be3 Bxd5 1/2-1/2

[Event "WchT Blitz Pool A"]
[Site "London"]
[Date "2025.06.14"]
[Round "8.2"]
[White "Ahmad, Khagan"]
[Black "Zhao, George"]
[Result "1-0"]
[WhiteElo "2394"]
[BlackElo "2124"]
[PlyCount "59"]
[EventDate "2025.06.14"]
[EventType "team-tourn"]
[EventRounds "13"]
[EventCountry "ENG"]
[SourceTitle "CB25_2025"]
[SourceDate "2025.06.18"]
[SourceVersion "1"]
[SourceVersionDate "2025.06.18"]
[SourceQuality "1"]
[WhiteTeam "Turkish Airlines Sports"]
[BlackTeam "Chess Trust Accelerators"]
[WhiteTeamCountry "TUR"]
[BlackTeamCountry "ENG"]

1. d4 e6 2. c4 Nf6 3. Nf3 d5 4. Nc3 Be7 5. g4 Nxg4 6. Rg1 h5 7. h3 Nf6 8. Rxg7 Ng4 9. hxg4 Kf8 10. Rxf7+ Kxf7 11. Ne5+ Kg7 12. Qc2 Qe8 13. cxd5 Bf6 14. gxh5 Bxe5 15. h6+ Rxh6 16. Bxh6+ Kxh6 17. dxe5 exd5 18. Nxd5 Nc6 19. Nxc7 Qxe5 20. Nxa8 Nd4 21. Qd2+ Kh7 22. 0-0-0 Qc5+ 23. Qc3 Qg5+ 24. f4 Qxf4+ 25. e3 Qf7 26. Qxd4 Qxa2 27. Bd3+ Kg8 28. Rg1+ Bg4 29. Rxg4+ Kf7 30. Bc4+ 1-0

[Event "WchT Blitz Pool A"]
[Site "London"]
[Date "2025.06.14"]
[Round "3.3"]
[White "Delaney, Killian"]
[Black "Zhao, George"]
[Result "0-1"]
[WhiteElo "2275"]
[BlackElo "2124"]
[PlyCount "76"]
[EventDate "2025.06.14"]
[EventType "team-tourn"]
[EventRounds "13"]
[EventCountry "ENG"]
[SourceTitle "CB25_2025"]
[SourceDate "2025.06.18"]
[SourceVersion "1"]
[SourceVersionDate "2025.06.18"]
[SourceQuality "1"]
[WhiteTeam "ChessbrahTV"]
[BlackTeam "Chess Trust Accelerators"]
[WhiteTeamCountry "CAN"]
[BlackTeamCountry "ENG"]

1. e4 e6 2. d4 d5 3. e5 c5 4. c3 Nc6 5. Nf3 Bd7 6. Bd3 cxd4 7. cxd4 Qb6 8. 0-0 Nxd4 9. Nbd2 Nc6 10. Nb3 Nge7 11. Be3 Qc7 12. Rc1 Ng6 13. Nc5 Be7 14. b4 a6 15. a4 Bxc5 16. Bxc5 Ncxe5 17. b5 Nxd3 18. Qxd3 axb5 19. axb5 Ne5 20. Nxe5 Qxe5 21. Rfe1 Qg5 22. h4 Qh5 23. Bb4 Qxh4 24. Bd6 Qg5 25. Qc3 f6 26. Qc7 Qf5 27. Qxb7 Rd8 28. Rc7 h5 29. b6 h4 30. Qa6 h3 31. Qe2 hxg2 32. Kxg2 Qg5+ 33. Bg3 Qf5 34. f4 Qh3+ 35. Kf2 Kf7 36. Qxe6+ Qxe6 37. Rxe6 Kxe6 38. b7 f5 0-1

[Event "WchT Blitz Pool A"]
[Site "London"]
[Date "2025.06.14"]
[Round "4.3"]
[White "Zhao, George"]
[Black "Muetsch, Annmarie"]
[Result "1-0"]
[WhiteElo "2124"]
[BlackElo "2271"]
[PlyCount "81"]
[EventDate "2025.06.14"]
[EventType "team-tourn"]
[EventRounds "13"]
[EventCountry "ENG"]
[SourceTitle "CB25_2025"]
[SourceDate "2025.06.18"]
[SourceVersion "1"]
[SourceVersionDate "2025.06.18"]
[SourceQuality "1"]
[WhiteTeam "Chess Trust Accelerators"]
[BlackTeam "Allez-Y Initiative!"]
[WhiteTeamCountry "ENG"]
[BlackTeamCountry "DEN"]

1. d4 d6 2. c4 e5 3. dxe5 dxe5 4. Qxd8+ Kxd8 5. Nf3 f6 6. Nc3 Be6 7. e3 Nd7 8. Be2 c6 9. 0-0 Kc7 10. b3 a5 11. Bb2 Nh6 12. Rac1 Nc5 13. Ba3 Nf7 14. Nd5+ Bxd5 15. cxd5 b6 16. dxc6 Kxc6 17. Nd4+ exd4 18. Bf3+ Kc7 19. Bxa8 dxe3 20. fxe3 Bd6 21. Bd5 Ne5 22. Rc2 Kd7 23. Rd1 Ke7 24. Bf3 g5 25. Rcd2 Rd8 26. h3 Ng6 27. Bb2 Ne5 28. Kf1 h6 29. Rd5 Rd7 30. Bxe5 fxe5 31. e4 Rd8 32. Kf2 Ne6 33. Kg3 Nd4 34. Kg4 Rf8 35. Rd3 Rf4+ 36. Kh5 Rf6 37. h4 gxh4 38. Kxh4 b5 39. R3xd4 exd4 40. e5 Rf4+ 41. Kg3 1-0

[Event "BCF-chT 2425 (4NCL)"]
[Site "England"]
[Date "2025.02.16"]
[Round "6.36"]
[White "Zhao, George"]
[Black "Nelson, Jonathan"]
[Result "0-1"]
[WhiteElo "2163"]
[BlackElo "2098"]
[PlyCount "72"]
[EventDate "2024.11.23"]
[EventType "team-swiss"]
[EventRounds "11"]
[EventCountry "ENG"]
[SourceTitle "CB14_2025"]
[SourceDate "2024.11.01"]
[SourceVersion "1"]
[SourceVersionDate "2024.11.01"]
[SourceQuality "1"]
[WhiteTeam "Barbican"]
[BlackTeam "Blackthorne Russia"]
[WhiteTeamCountry "ENG"]
[BlackTeamCountry "ENG"]

1. d4 d6 2. Nf3 Nd7 3. c4 Ngf6 4. Nc3 g6 5. g3 Bg7 6. Bg2 0-0 7. 0-0 e5 8. e4 exd4 9. Nxd4 Re8 10. h3 Nc5 11. Re1 Bd7 12. b4 Ne6 13. Nb3 h6 14. Bb2 Ng5 15. Kh2 Nfxe4 16. Nxe4 Bxb2 17. Rb1 Bg7 18. c5 Bf5 19. Nxg5 Rxe1 20. Qxe1 Bxb1 21. Nxf7 Kxf7 22. Bd5+ Kf8 23. Qe6 Qf6 24. Qg8+ Ke7 25. cxd6+ cxd6 26. Qxa8 Qxf2+ 27. Kh1 Qf1+ 28. Kh2 Qe2+ 29. Kg1 Qd1+ 30. Kh2 Qxd5 31. Qxa7 Qf3 32. Qb6 Kf7 33. h4 h5 34. Na5 Qe2+ 35. Kg1 Qd1+ 36. Kg2 Be4+ 0-1

[Event "London Classic op 14th"]
[Site "London"]
[Date "2024.12.03"]
[Round "6"]
[White "Kovalskyi, Roman"]
[Black "Zhao, George"]
[Result "1-0"]
[WhiteElo "2124"]
[BlackElo "2233"]
[PlyCount "73"]
[EventDate "2024.11.29"]
[EventType "swiss"]
[EventRounds "9"]
[EventCountry "ENG"]
[SourceTitle "CB50_2024"]
[SourceDate "2024.11.01"]
[SourceVersion "1"]
[SourceVersionDate "2024.11.01"]
[SourceQuality "2"]

1. e4 e6 2. d4 d5 3. e5 c5 4. c3 Nc6 5. Nf3 Bd7 6. Be2 Nge7 7. Na3 cxd4 8. cxd4 Nf5 9. Nc2 Be7 10. Bd3 0-0 11. g4 Nh4 12. Nxh4 Bxh4 13. g5 Bxg5 14. Qh5 h6 15. Rg1 Bxc1 16. Rxc1 Kh8 17. Ke2 Rg8 18. Rg6 Qf8 19. Rcg1 Be8 20. Rxg7 Qxg7 21. Rxg7 Kxg7 22. Qh4 Kf8 23. Qxh6+ Ke7 24. Qf6+ Kd7 25. h4 Kc7 26. h5 Bd7 27. h6 Rh8 28. h7 Raf8 29. Ke3 Nb8 30. Ne1 Bc6 31. Nf3 Nd7 32. Qe7 Kc8 33. Ng5 f6 34. Nxe6 Re8 35. Qd6 Rxe6 36. Qxe6 fxe5 37. Qg8+ 1-0

[Event "Hull 4NCL op"]
[Site "Hull"]
[Date "2024.09.08"]
[Round "4"]
[White "Royle, Alex"]
[Black "Zhao, George"]
[Result "0-1"]
[WhiteElo "1925"]
[BlackElo "2035"]
[PlyCount "116"]
[EventDate "2024.09.06"]
[EventType "swiss"]
[EventRounds "5"]
[EventCountry "ENG"]
[SourceTitle "EXT 2025"]
[Source "ChessBase"]
[SourceDate "2024.10.14"]
[SourceVersion "1"]
[SourceVersionDate "2024.10.14"]
[SourceQuality "1"]

1. e4 e6 2. d4 d5 3. Nc3 Bb4 4. e5 c5 5. a3 Bxc3+ 6. bxc3 Ne7 7. h4 Nbc6 8. h5 h6 9. Rh3 Qa5 10. Bd2 Qa4 11. Rb1 a6 12. Qg4 Kf8 13. Bd3 Nxe5 14. Qf4 Nxd3+ 15. cxd3 e5 16. Qxe5 Bxh3 17. Nxh3 Re8 18. Qd6 Kg8 19. Be3 cxd4 20. Rxb7 dxe3 21. Rxe7 exf2+ 22. Nxf2 Kh7 23. Kf1 Qc2 24. g3 Rxe7 25. Qxe7 f6 26. Qe6 Rd8 27. Qe7 Rc8 28. Qd7 Qc1+ 29. Kg2 Qxc3 30. Qxd5 Qc6 31. Qxc6 Rxc6 32. Kf3 Kg8 33. Ke4 Kf7 34. Kd5 Rc3 35. a4 Ke7 36. g4 Ra3 37. d4 Rxa4 38. Ne4 Ra1 39. Kc6 a5 40. d5 Rc1+ 41. Kb5 Re1 42. Ng3 Re5 43. Kc6 a4 44. Nf1 a3 45. Nd2 a2 46. Nb3 Re3 47. Na1 Rc3+ 48. Kb5 Kd6 49. Kb4 Rc1 50. Nb3 Rb1 51. Ka3 Rxb3+ 52. Kxa2 Rb8 53. Ka3 Kxd5 54. g5 Kc4 55. gxf6 gxf6 56. Ka2 Kc3 57. Ka1 Kc2 58. Ka2 Ra8# 0-1

[Event "Kingston op 3rd"]
[Site "Kingston Upon Thames"]
[Date "2024.08.14"]
[Round "5"]
[White "Zhao, George"]
[Black "Skettos, Nicolas"]
[Result "1/2-1/2"]
[WhiteElo "2014"]
[BlackElo "1985"]
[PlyCount "105"]
[EventDate "2024.08.12"]
[EventType "swiss"]
[EventRounds "9"]
[EventCountry "ENG"]
[SourceTitle "CBM 221 Extra"]
[Source "ChessBase"]
[SourceDate "2024.09.30"]
[SourceVersion "1"]
[SourceVersionDate "2024.09.30"]
[SourceQuality "1"]

1. d4 Nf6 2. c4 e6 3. g3 c5 4. d5 exd5 5. cxd5 b5 6. Bg2 d6 7. e4 Bb7 8. Ne2 g6 9. a3 Bg7 10. Nbc3 a6 11. 0-0 0-0 12. h3 Re8 13. b4 Nbd7 14. Bf4 cxb4 15. axb4 Nb6 16. Qd3 Nc4 17. Rfc1 Rc8 18. Ra2 Qb6 19. Rac2 Nh5 20. Bd2 Nxd2 21. Qxd2 Be5 22. Kf1 Rc4 23. g4 Nf6 24. Nd1 Nxe4 25. Bxe4 Rxe4 26. f3 Rc4 27. Rxc4 bxc4 28. Rxc4 Qb5 29. Ne3 Bf6 30. Re4 Rxe4 31. fxe4 Bg5 32. Kf2 Qa4 33. Qc3 Qe8 34. Kf3 Qe7 35. Qd4 Bf6 36. Qb6 Be5 37. Nc4 f5 38. Nxe5 fxe4+ 39. Kg2 dxe5 40. d6 Qd7 41. Kh2 Kf7 42. Nc3 Ke6 43. b5 axb5 44. Nxb5 Bc6 45. Na7 Bd5 46. Nb5 Bc6 47. Na7 Kxd6 48. Qb8+ Ke6 49. Qg8+ Kf6 50. Qh8+ Ke6 51. Qg8+ Kf6 52. Qh8+ Ke6 53. Qg8+ 1/2-1/2

[Event "BCF-ch Major"]
[Site "Hull"]
[Date "2024.08.04"]
[Round "9"]
[White "Zhao, George"]
[Black "Usifoh, Kristian Chinedu"]
[Result "1-0"]
[WhiteElo "2034"]
[BlackElo "1963"]
[PlyCount "47"]
[EventDate "2024.07.27"]
[EventType "swiss"]
[EventRounds "9"]
[EventCountry "ENG"]
[SourceTitle "CBM 221 Extra"]
[Source "ChessBase"]
[SourceDate "2024.09.30"]
[SourceVersion "1"]
[SourceVersionDate "2024.09.30"]
[SourceQuality "1"]

1. d4 Nf6 2. c4 e6 3. Nf3 b6 4. g3 Ba6 5. Nbd2 c5 6. Bg2 Nc6 7. Ne5 Qc7 8. Nxc6 dxc6 9. d5 exd5 10. cxd5 0-0-0 11. dxc6 Bb5 12. 0-0 Bxc6 13. Qc2 h5 14. Nc4 Bxg2 15. Kxg2 Qc6+ 16. Kg1 Qe6 17. Bf4 Nd5 18. e3 h4 19. Rfd1 Be7 20. Qa4 g5 21. Qxa7 gxf4 22. Rxd5 Rxd5 23. Nxb6+ Kd8 24. Qb8+ 1-0

[Event "BCF-ch U12 rapid"]
[Site "Hull"]
[Date "2024.07.27"]
[Round "9"]
[White "Zhao, George"]
[Black "Talab, Rami"]
[Result "1/2-1/2"]
[WhiteElo "1966"]
[BlackElo "1917"]
[PlyCount "64"]
[EventDate "2024.07.26"]
[EventType "swiss (rapid)"]
[EventRounds "9"]
[EventCountry "ENG"]
[SourceTitle "CBM 221 Extra"]
[Source "ChessBase"]
[SourceDate "2024.09.30"]
[SourceVersion "1"]
[SourceVersionDate "2024.09.30"]
[SourceQuality "1"]

1. d4 Nf6 2. Nf3 g6 3. g3 Bg7 4. Bg2 d5 5. 0-0 0-0 6. Nbd2 c5 7. dxc5 Qc7 8. a3 Qxc5 9. b4 Qc7 10. Bb2 Nc6 11. Rc1 Rd8 12. c4 dxc4 13. Rxc4 Be6 14. Rc1 Qb6 15. Qa4 a6 16. Nc4 Qb5 17. Qxb5 axb5 18. Nce5 Bd5 19. Rc5 Nxe5 20. Nxe5 Bxg2 21. Kxg2 Rd2 22. Bc1 Rd5 23. Nd3 Rxc5 24. Nxc5 b6 25. Nd3 Ne4 26. Kf3 Nd6 27. Nf4 e6 28. Rd1 Nc4 29. Kg2 Nxa3 30. Bxa3 Rxa3 31. Rd8+ Bf8 32. Rb8 Kg7 1/2-1/2

[Event "BCF-ch U12 rapid"]
[Site "Hull"]
[Date "2024.07.26"]
[Round "5"]
[White "Fang, Brandon Jun Qiao"]
[Black "Zhao, George"]
[Result "0-1"]
[WhiteElo "1680"]
[BlackElo "1966"]
[PlyCount "66"]
[EventDate "2024.07.26"]
[EventType "swiss (rapid)"]
[EventRounds "9"]
[EventCountry "ENG"]
[SourceTitle "CBM 221 Extra"]
[Source "ChessBase"]
[SourceDate "2024.09.30"]
[SourceVersion "1"]
[SourceVersionDate "2024.09.30"]
[SourceQuality "1"]

1. e4 e6 2. d4 d5 3. Nd2 dxe4 4. Nxe4 Nd7 5. Nf3 Ngf6 6. Nxf6+ Nxf6 7. Bd3 c5 8. dxc5 Bxc5 9. 0-0 0-0 10. Bg5 b6 11. Be2 Bb7 12. Qxd8 Raxd8 13. Bxf6 gxf6 14. Rad1 Kg7 15. c3 f5 16. b4 Be7 17. a3 Bf6 18. c4 Bb2 19. a4 Bc3 20. b5 Be4 21. Ng5 Bc2 22. Rc1 Rd2 23. Rfe1 Bb2 24. Rxc2 Rxc2 25. Nf3 Bc3 26. Bd3 Bxe1 27. Bxc2 Bc3 28. Kf1 Kf6 29. Ke2 Rd8 30. h3 e5 31. Ke3 e4 32. Nh4 Bd2+ 33. Ke2 Bg5 0-1

[Event "BCF-ch U12 rapid"]
[Site "Hull"]
[Date "2024.07.26"]
[Round "6"]
[White "Zhao, George"]
[Black "Vaidyanathan, Adithya"]
[Result "1-0"]
[WhiteElo "1966"]
[BlackElo "1920"]
[PlyCount "81"]
[EventDate "2024.07.26"]
[EventType "swiss (rapid)"]
[EventRounds "9"]
[EventCountry "ENG"]
[SourceTitle "CBM 221 Extra"]
[Source "ChessBase"]
[SourceDate "2024.09.30"]
[SourceVersion "1"]
[SourceVersionDate "2024.09.30"]
[SourceQuality "1"]

1. d4 Nf6 2. Nf3 c5 3. d5 g6 4. c4 b5 5. cxb5 a6 6. bxa6 Bxa6 7. Nc3 Bg7 8. e4 Bxf1 9. Kxf1 d6 10. g3 0-0 11. Kg2 Qb6 12. a4 Na6 13. Ra3 Nc7 14. Qe2 Rfb8 15. Rd1 Qa6 16. Qxa6 Rxa6 17. Nd2 Rb4 18. b3 Nd7 19. Bb2 Ne5 20. Na2 Rb8 21. Bxe5 Bxe5 22. Nc4 Bg7 23. Rb1 Ra7 24. b4 cxb4 25. Rbb3 bxa3 26. Rxa3 Rb4 27. Nxb4 Rb7 28. Nc6 Na6 29. a5 f5 30. f3 Kf7 31. Nd8+ Ke8 32. Nxb7 Kd7 33. e5 dxe5 34. Nc5+ Nxc5 35. a6 Nxa6 36. Rxa6 f4 37. Ra7+ Ke8 38. d6 Bf6 39. d7+ Kd8 40. Na5 fxg3 41. Nc6# 1-0

[Event "BCF-ch U12 blitz"]
[Site "Hull"]
[Date "2024.07.25"]
[Round "6"]
[White "Zhao, George"]
[Black "Keerthi Kumar, Advait"]
[Result "1/2-1/2"]
[WhiteElo "1914"]
[BlackElo "1846"]
[PlyCount "100"]
[EventDate "2024.07.25"]
[EventType "swiss (blitz)"]
[EventRounds "9"]
[EventCountry "ENG"]
[SourceTitle "CBM 221 Extra"]
[Source "ChessBase"]
[SourceDate "2024.09.30"]
[SourceVersion "1"]
[SourceVersionDate "2024.09.30"]
[SourceQuality "1"]

1. d4 Nf6 2. Nf3 g6 3. g3 Bg7 4. Bg2 0-0 5. 0-0 d6 6. c4 Nc6 7. Nc3 e5 8. dxe5 dxe5 9. Bg5 Be6 10. b3 h6 11. Bxf6 Bxf6 12. Nd5 Bxd5 13. cxd5 Ne7 14. e4 c6 15. dxc6 Nxc6 16. Rc1 Qe7 17. Qd2 Bg7 18. Qe2 Rfd8 19. Rfd1 Rxd1+ 20. Rxd1 Rd8 21. h3 Rxd1+ 22. Qxd1 Qd8 23. Qd5 Qxd5 24. exd5 Nb4 25. d6 Kf8 26. Nd2 b6 27. a3 Nc2 28. a4 Nd4 29. Bd5 Ke8 30. b4 f6 31. b5 Kd7 32. Nc4 Bf8 33. Bf7 g5 34. h4 Bxd6 35. hxg5 hxg5 36. Kf1 Bc5 37. Ke1 Ke7 38. Bd5 Nb3 39. Nxe5 fxe5 40. Bxb3 Kf6 41. g4 e4 42. Ke2 Ke5 43. f3 Kf4 44. fxe4 Kxe4 45. Bc2+ Kd4 46. Kf3 Kc3 47. Bd1 Kd2 48. Bb3 Kc3 49. Bd1 Kd2 50. Bb3 Kc3 1/2-1/2